Linear multivariable control theory / (Record no. 13388)

MARC details
000 -LEADER
fixed length control field 00535nam a2200169 a 4500
020 ## - INTERNATIONAL STANDARD BOOK NUMBER
ISBN 0074515128 (paperback)
020 ## - INTERNATIONAL STANDARD BOOK NUMBER
ISBN 9780074515129 (paperback)
100 1# - MAIN ENTRY--AUTHOR NAME
Personal name Apte, Y.S.
245 10 - TITLE STATEMENT
Title Linear multivariable control theory /
260 ## - PUBLICATION, DISTRIBUTION, ETC. (IMPRINT)
Place of publication [S.l.] :
Name of publisher McGraw-Hill Education,
Year of publication 1984.
300 ## - PHYSICAL DESCRIPTION
Number of Pages 164 p.
500 ## - GENERAL NOTE
General note Import.
856 40 - ELECTRONIC LOCATION AND ACCESS
Uniform Resource Identifier http://www.amazon.com/exec/obidos/ASIN/0074515128/chopaconline-20
Holdings
Withdrawn status Lost status Home library Current library Date acquired Cost, normal purchase price Accession Number Koha item type
    Seminar Library, Mathematics & Statis. Seminar Library, Mathematics & Statis. 28/04/2015 242.00 9780 Books